[Event "SM Number 1"]
[Site "SchemingMind.com"]
[Date "2010.10.24"]
[Round "-"]
[White "kwabena"]
[Black "robin80"]
[Result "1-0"]
[WhiteCountry "ENG"]
[BlackCountry "POL"]
[WhiteElo "1525"]
[WhiteRD "74"]
[BlackElo "1122"]
[BlackRD "132"]
[GameID "264683"]

1. d4 Nf6 2. h3 d5 3. Nf3 c6 4. Bf4 h6 5. e3 Bf5 6. Bd3 Ne4 7. O-O g5 8. Bh2 g4 9. hxg4 Bxg4 10. Be2 Rg8
11. Ne5 f6 12. Nxg4 h5 13. Nxf6+ exf6 14. Bxh5+ Ke7 15. Nd2 Bh6 16. c4 Rg7 17. cxd5 cxd5 18. Nxe4 dxe4 19. Qc2 Rg5 20. Qxe4+ Kd7
21. Qxb7+ Qc7 22. Qxc7+ Ke6 23. Qf7+ Kf5 24. Qh7+ Ke6 25. Qxh6 Nd7 26. Rac1 a6 27. Rc6+ Kd5 28. Bf3#
1-0

[Event "SM Number 1"]
[Site "SchemingMind.com"]
[Date "2010.10.24"]
[Round "-"]
[White "Mark_Noble"]
[Black "kwabena"]
[Result "1-0"]
[WhiteCountry "NZL"]
[BlackCountry "ENG"]
[WhiteElo "2008"]
[WhiteRD "133"]
[BlackElo "1525"]
[BlackRD "74"]
[GameID "264689"]

1. e4 d5 2. exd5 Qxd5 3. Nc3 Qa5 4. d4 h6 5. a3 Nf6 6. Nf3 Bf5 7. b4 Qb6 8. Na4 Qc6 9. c4 e6 10. Nc3 a6
11. Be3 Ng4 12. Be2 Be7 13. Bf4 O-O 14. O-O Qe8 15. Bxc7 Nc6 16. d5 exd5 17. cxd5 Na7 18. Nd4 Qd7 19. Nxf5 Nxh2 20. Nxe7+ Qxe7
21. Bxh2 Rac8 22. Rc1 Rfe8 23. d6 Qd7 24. Bf3 Nc6 25. Nd5 Rcd8 26. Qb3 Nd4 27. Qd3 Nxf3+ 28. Qxf3 Qb5 29. Nc7
1-0

[Event "SM Number 1"]
[Site "SchemingMind.com"]
[Date "2010.10.24"]
[Round "-"]
[White "robin80"]
[Black "kwabena"]
[Result "0-1"]
[WhiteCountry "POL"]
[BlackCountry "ENG"]
[WhiteElo "1122"]
[WhiteRD "132"]
[BlackElo "1525"]
[BlackRD "74"]
[GameID "264690"]

1. e4 d5 2. exd5 Qxd5 3. Nc3 Qa5 4. d4 h6 5. Bc4 Bf5 6. Bb5+ c6 7. Ba4 e6 8. Nf3 Nf6 9. O-O Bb4 10. Re1 O-O
11. Ne5 Bxc3 12. bxc3 Qxa4 13. g3 Bxc2 14. Qe2 Bf5 15. g4 Be4 16. f3 Bh7 17. Bf4 Nbd7 18. Nxd7 Nxd7 19. Bd6 Rfe8 20. Rab1 Bxb1
21. Rxb1 b5 22. h3 Nb6 23. Qe3 Nc4 24. Qf4 Qxa2 25. Qc1 Nxd6 26. Rb2 Qd5 27. Qf4 Nc4 28. Re2 a5 29. Re5 Nxe5 30. Qxe5 Qxf3
31. h4 Qxg4+ 32. Kf2 Qxh4+ 33. Kg1 a4 34. Qe2 Qg3+ 35. Kf1 Qxc3 36. Qe1 Qxd4 37. Qe2 a3
0-1

[Event "SM Number 1"]
[Site "SchemingMind.com"]
[Date "2010.10.24"]
[Round "-"]
[White "e_castle3"]
[Black "Marc Wakeham"]
[Result "1-0"]
[WhiteCountry "PHI"]
[BlackCountry "WLS"]
[WhiteElo "1724"]
[WhiteRD "76"]
[BlackElo "1637"]
[BlackRD "78"]
[GameID "264724"]

1. e4 d6 2. Nf3 g6 3. d4 Bg7 4. Bd3 Nf6 5. O-O O-O 6. c3 Bg4 7. h3 Bxf3 8. Qxf3 Nc6 9. Bg5 Nd7 10. Qe3 Qe8
11. Bh6 e5 12. d5 Ne7 13. Bxg7 Kxg7 14. Nd2 Nc5 15. Bc2 a5 16. f4 Nd7 17. c4 Nc5 18. fxe5 Ng8 19. Nf3 Rb8 20. Qd4 b5
21. exd6+ Nf6 22. dxc7 Rc8 23. Qxc5 Qd7 24. d6 Ne8 25. e5 Kg8 26. cxb5 Ng7 27. b6 Ne6 28. Qc3 Qb5 29. Qe3 Nc5 30. Qg5 Ne6
31. Qe7 Qxb6+ 32. Kh1 Qc6 33. Bb3 Rfe8 34. d7 Rxe7 35. dxc8=Q+ Kg7 36. Rac1 Qb6 37. Qb8
1-0

[Event "SM Number 1"]
[Site "SchemingMind.com"]
[Date "2010.10.25"]
[Round "-"]
[White "e_castle3"]
[Black "MARISCAL"]
[Result "0-1"]
[WhiteCountry "PHI"]
[BlackCountry "ESP"]
[WhiteElo "1724"]
[WhiteRD "76"]
[BlackElo "2290"]
[BlackRD "96"]
[GameID "264725"]

1. e4 e6 2. d4 d5 3. exd5 exd5 4. Nf3 Bd6 5. Be2 Ne7 6. O-O O-O 7. Nc3 c6 8. Re1 Ng6 9. Bg5 Qc7 10. g3 Bf5
11. Bf1 Nd7 12. h4 h6 13. Be3 Nf6 14. Nh2 Nxh4 15. Qd2 Bxg3 16. fxg3 Qxg3+ 17. Kh1 Ne4 18. Bg2 Nxd2
0-1

[Event "SM Number 1"]
[Site "SchemingMind.com"]
[Date "2010.10.27"]
[Round "-"]
[White "e_castle3"]
[Black "emvarela"]
[Result "0-1"]
[WhiteCountry "PHI"]
[BlackCountry "ARG"]
[WhiteElo "1681"]
[WhiteRD "82"]
[BlackElo "1797"]
[BlackRD "61"]
[GameID "264728"]

1. e4 e5 2. Nf3 Nc6 3. Bb5 a6 4. Ba4 Nf6 5. d3 Be7 6. O-O O-O 7. Re1 b5 8. Bb3 Na5 9. Nxe5 Nxb3 10. axb3 Bb7
11. Nc3 d5 12. exd5 Nxd5 13. Nxd5 Bxd5 14. Bd2 Bd6 15. Nf3 Bxf3 16. Qxf3 Re8 17. Rxe8+ Qxe8 18. Re1 Qb8 19. Bf4 Bxf4 20. Qxf4 c5
21. Qxb8+ Rxb8 22. Kf1 Kf8 23. Re3 f6 24. Ke2 c4 25. Re6 cxb3 26. c3 Re8 27. Rxe8+ Kxe8
0-1

[Event "SM Number 1"]
[Site "SchemingMind.com"]
[Date "2010.10.25"]
[Round "-"]
[White "e_castle3"]
[Black "otsenrechess"]
[Result "0-1"]
[WhiteCountry "PHI"]
[BlackCountry "HUN"]
[WhiteElo "1709"]
[WhiteRD "80"]
[BlackElo "2119"]
[BlackRD "92"]
[GameID "264729"]

1. f4 d5 2. Nf3 Bf5 3. e3 Nf6 4. Be2 e6 5. O-O Nbd7 6. d4 Bd6 7. Ne5 h6 8. Nd2 O-O 9. c4 c5 10. Ndf3 Rc8
11. Bd2 cxd4 12. exd4 dxc4 13. Nxc4 Nb6 14. Nce5 Nfd5 15. a3 f6 16. Nd3 Nc4 17. Qe1 Nce3 18. Bxe3 Nxe3 19. Rf2 Nc2
0-1

[Event "SM Number 1"]
[Site "SchemingMind.com"]
[Date "2010.10.25"]
[Round "-"]
[White "e_castle3"]
[Black "Mark_Noble"]
[Result "0-1"]
[WhiteCountry "PHI"]
[BlackCountry "NZL"]
[WhiteElo "1724"]
[WhiteRD "76"]
[BlackElo "2147"]
[BlackRD "106"]
[GameID "264730"]

1. f4 d5 2. Nf3 g6 3. e3 Bg7 4. d4 Nf6 5. Be2 c5 6. c3 Qd6 7. O-O O-O 8. Nbd2 cxd4 9. cxd4 Nc6 10. Ne5 Bf5
11. a3 Rac8 12. Ndf3 Ne4 13. Bd3 f6 14. Nxc6 Rxc6 15. Bxe4 dxe4 16. Ne1 Rfc8 17. Bd2 b6 18. Bc3 Be6 19. Qa4 Rxc3 20. bxc3 Rxc3
21. Kf2 Bc4 22. Rh1 e5 23. fxe5 fxe5 24. Qe8+ Bf8 25. Qxe5 Qxe5 26. dxe5 Bc5 27. g3 Rxe3
0-1

[Event "SM Number 1"]
[Site "SchemingMind.com"]
[Date "2010.10.25"]
[Round "-"]
[White "e_castle3"]
[Black "robin80"]
[Result "1-0"]
[WhiteCountry "PHI"]
[BlackCountry "POL"]
[WhiteElo "1737"]
[WhiteRD "77"]
[BlackElo "1122"]
[BlackRD "132"]
[GameID "264731"]

1. f4 g6 2. Nf3 Bg7 3. e3 c5 4. Be2 Nf6 5. O-O O-O 6. c3 d6 7. d4 cxd4 8. cxd4 Nc6 9. a3 a5 10. Nc3 Qd7
11. Bd2 b6 12. Rc1 h5 13. Qb3 a4 14. Nxa4 b5 15. Nb6 Qb7 16. Nxa8 Qxa8 17. Qxb5 Ba6 18. Qxa6 Qxa6 19. Bxa6 Ra8 20. Rxc6 Ne4
21. Bb4
1-0

[Event "SM Number 1"]
[Site "SchemingMind.com"]
[Date "2010.10.25"]
[Round "-"]
[White "Marc Wakeham"]
[Black "e_castle3"]
[Result "0-1"]
[WhiteCountry "WLS"]
[BlackCountry "PHI"]
[WhiteElo "1637"]
[WhiteRD "78"]
[BlackElo "1724"]
[BlackRD "76"]
[GameID "264732"]

1. e4 e5 2. Nf3 Nc6 3. d4 exd4 4. c3 d5 5. exd5 Qxd5 6. Be2 Nf6 7. O-O dxc3 8. Nxc3 Qxd1 9. Rxd1 Be7 10. Bf4 O-O
11. Bxc7 Bg4 12. Re1 a6 13. Rad1 Bb4 14. Rc1 Rac8 15. Bb6 Rfe8 16. Be3 Bxc3 17. Rxc3 Nd5 18. Rd3 Nxe3 19. Rxe3 Rxe3 20. fxe3 Re8
21. Bd1 Nb4 22. Re2 Nxa2 23. h3 Bh5 24. g4 Bg6 25. Kf2 f6 26. Bb3+ Bf7 27. Bxf7+ Kxf7 28. Rc2 Re7 29. Nd4 g6 30. Nb3 Nb4
31. Rc4 Nd3+ 32. Kf3 Ne5+
0-1

[Event "SM Number 1"]
[Site "SchemingMind.com"]
[Date "2010.10.25"]
[Round "-"]
[White "MARISCAL"]
[Black "e_castle3"]
[Result "1-0"]
[WhiteCountry "ESP"]
[BlackCountry "PHI"]
[WhiteElo "2297"]
[WhiteRD "85"]
[BlackElo "1709"]
[BlackRD "80"]
[GameID "264733"]

1. e4 e5 2. Nf3 Nc6 3. Bb5 d6 4. d4 exd4 5. Nxd4 Bd7 6. O-O Nf6 7. Nc3 a6 8. Bxc6 bxc6 9. Bf4 h6 10. Re1 Be7
11. e5 dxe5 12. Bxe5 O-O 13. Qf3 c5 14. Nf5 Bxf5 15. Qxf5 Re8 16. Rad1 Qc8 17. Qf3 Rb8 18. b3 Rb6 19. Re2 Re6 20. Rde1 c6
21. Kf1 a5 22. Na4 Qa6 23. c4 Qb7 24. Bxf6 Rxf6 25. Qh5 Kf8 26. Nxc5 Qc8 27. Re5 Rg6 28. Qe2 Qc7 29. Qd3 Qd6 30. Nd7+
1-0

[Event "SM Number 1"]
[Site "SchemingMind.com"]
[Date "2010.10.28"]
[Round "-"]
[White "emvarela"]
[Black "e_castle3"]
[Result "1-0"]
[WhiteCountry "ARG"]
[BlackCountry "PHI"]
[WhiteElo "1797"]
[WhiteRD "61"]
[BlackElo "1681"]
[BlackRD "82"]
[GameID "264736"]

1. e4 c6 2. d4 d5 3. Nc3 dxe4 4. Nxe4 Nf6 5. Nxf6+ exf6 6. Be3 Be7 7. Nf3 O-O 8. Bd3 Bg4 9. h3 Bh5 10. g4 Bg6
11. Bxg6 hxg6 12. Qd3 Bb4+ 13. c3 Ba5 14. O-O-O Nd7 15. h4 Re8 16. g5 Qc7 17. gxf6 Nxf6 18. Ne5 Rad8 19. Bf4 Qc8 20. Qc4 Qe6
21. Qxe6 Rxe6 22. Nc4 Bb6 23. Nxb6 axb6 24. Bc7 Ra8 25. a3 b5 26. Rde1 Rae8 27. Rxe6 Rxe6 28. Bf4 Nh5 29. Be3
1-0

[Event "SM Number 1"]
[Site "SchemingMind.com"]
[Date "2010.10.25"]
[Round "-"]
[White "otsenrechess"]
[Black "e_castle3"]
[Result "1-0"]
[WhiteCountry "HUN"]
[BlackCountry "PHI"]
[WhiteElo "2119"]
[WhiteRD "92"]
[BlackElo "1709"]
[BlackRD "80"]
[GameID "264737"]

1. d4 d5 2. c4 c6 3. Nc3 Nf6 4. Nf3 Bg4 5. Ne5 Bh5 6. cxd5 Nxd5 7. Qb3 Qb6 8. Nxd5 Qxb3 9. Nc7+ Kd8 10. axb3 Kxc7
11. Bf4 g5 12. Bxg5 f6 13. Bf4 Kd8 14. g4 Be8 15. Nc4 Nd7 16. Bg2 h5 17. g5 fxg5 18. Bxg5 Kc7 19. d5 Nc5 20. Bf4+ Kd8
21. Nb6
1-0

[Event "SM Number 1"]
[Site "SchemingMind.com"]
[Date "2010.10.25"]
[Round "-"]
[White "Mark_Noble"]
[Black "e_castle3"]
[Result "1-0"]
[WhiteCountry "NZL"]
[BlackCountry "PHI"]
[WhiteElo "2008"]
[WhiteRD "133"]
[BlackElo "1737"]
[BlackRD "77"]
[GameID "264738"]

1. e4 e5 2. Nf3 Nc6 3. Bc4 Bc5 4. Nc3 Nf6 5. Nd5 O-O 6. d3 d6 7. Bg5 Bg4 8. c3 h6 9. Nxf6+ gxf6 10. Bxh6 Re8
11. b4 Bb6 12. h3 Bh5 13. g4 Bg6 14. h4 Qd7 15. h5 Bh7 16. g5 fxg5 17. Qd2 Qg4 18. Rg1 Qxf3 19. Qxg5+
1-0

[Event "SM Number 1"]
[Site "SchemingMind.com"]
[Date "2010.10.25"]
[Round "-"]
[White "robin80"]
[Black "e_castle3"]
[Result "0-1"]
[WhiteCountry "POL"]
[BlackCountry "PHI"]
[WhiteElo "1122"]
[WhiteRD "132"]
[BlackElo "1737"]
[BlackRD "77"]
[GameID "264739"]

1. e4 c6 2. c4 g6 3. Nc3 Bg7 4. d4 d6 5. Nf3 e6 6. Be2 Ne7 7. O-O O-O 8. Be3 Nd7 9. Qd2 Qc7 10. h3 Rd8
11. Bg5 f6 12. Bh4 e5 13. dxe5 dxe5 14. Rad1 a6 15. b3 g5 16. Bg3 b6 17. h4 h6 18. a4 Bb7 19. b4 Nf8 20. b5 Rxd2
21. Rxd2 Ne6
0-1

[Event "SM Number 1"]
[Site "SchemingMind.com"]
[Date "2010.10.24"]
[Round "-"]
[White "Jochen"]
[Black "Marc Wakeham"]
[Result "1-0"]
[WhiteCountry "GBR"]
[BlackCountry "WLS"]
[WhiteElo "1363"]
[WhiteRD "74"]
[BlackElo "1674"]
[BlackRD "85"]
[GameID "264769"]

1. Nf3 Nf6 2. e3 g6 3. Bb5 Bg7 4. O-O O-O 5. Nc3 d6 6. d4 Bg4 7. Bd2 c5 8. Be2 cxd4 9. exd4 Nbd7 10. Ng5 Bxe2
11. Nxe2 e5 12. c3 Nd5 13. Rc1 N7b6 14. c4 Nf6 15. b3 Nfd7 16. dxe5 dxe5 17. Be3 Rc8 18. c5 Na8 19. Qd5 Qc7 20. Nc3 Nf6
21. Qc4 b6 22. Nb5 Qc6 23. Nxa7 b5 24. Nxc6 bxc4 25. Ne7+
1-0

[Event "SM Number 1"]
[Site "SchemingMind.com"]
[Date "2010.10.25"]
[Round "-"]
[White "Jochen"]
[Black "e_castle3"]
[Result "0-1"]
[WhiteCountry "GBR"]
[BlackCountry "PHI"]
[WhiteElo "1440"]
[WhiteRD "76"]
[BlackElo "1724"]
[BlackRD "76"]
[GameID "264770"]

1. Nf3 Nc6 2. e4 e5 3. Bc4 Bc5 4. O-O Nf6 5. Ng5 O-O 6. d3 d6 7. Be3 Bb6 8. Nc3 h6 9. Nf3 Be6 10. Nd5 Bxd5
11. a3 Bxc4 12. dxc4 Nxe4 13. Rc1 Bxe3 14. fxe3 f5 15. Qd5+ Kh8 16. Rcd1 Nf6 17. Nh4 Nxd5 18. cxd5 Qxh4 19. dxc6 bxc6 20. b4 Qe4
21. Kh1 Qxe3 22. a4 Rab8 23. Rb1 c5 24. b5 Qe4 25. Rbc1 Qxa4 26. Kg1 Rxb5 27. h3 Rb2 28. c3 Qe4 29. Rf3 Rf6 30. Rg3 Qf4
31. Rxg7 Kxg7 32. Rd1 Rg6 33. Rf1 Rgxg2+
0-1

[Event "SM Number 1"]
[Site "SchemingMind.com"]
[Date "2010.10.25"]
[Round "-"]
[White "Jochen"]
[Black "MARISCAL"]
[Result "0-1"]
[WhiteCountry "GBR"]
[BlackCountry "ESP"]
[WhiteElo "1440"]
[WhiteRD "76"]
[BlackElo "2290"]
[BlackRD "96"]
[GameID "264771"]

1. Nf3 d5 2. e3 c5 3. Bb5+ Bd7 4. Nc3 Bxb5 5. Nxb5 Nc6 6. c3 e5 7. b4 a6 8. Na3 e4 9. Ng1 cxb4 10. Nc2 Ne5
11. Qe2 bxc3 12. Nd4 Nd3+ 13. Kd1 c2+ 14. Kxc2 Rc8+ 15. Kb3 Qb6+ 16. Ka4 Qb4#
0-1

[Event "SM Number 1"]
[Site "SchemingMind.com"]
[Date "2010.10.27"]
[Round "-"]
[White "Jochen"]
[Black "emvarela"]
[Result "0-1"]
[WhiteCountry "GBR"]
[BlackCountry "ARG"]
[WhiteElo "1440"]
[WhiteRD "76"]
[BlackElo "1774"]
[BlackRD "54"]
[GameID "264774"]

1. Nf3 d5 2. e3 c5 3. Bb5+ Bd7 4. Nc3 Bxb5 5. Nxb5 Nc6 6. O-O Qb6 7. Nc3 e6 8. a3 Nf6 9. Ng5 h6 10. Nh3 Bd6
11. Qf3 O-O-O 12. b3 Ne5 13. Qf4 Neg4 14. Qa4 Bxh2+ 15. Kh1 Be5 16. g3 d4 17. f4 dxc3 18. fxe5 cxd2 19. Bb2 Nxe3 20. Rf4 d1=Q+
21. Kh2 Rd2+ 22. Nf2 Rxf2+ 23. Rxf2 Nfg4+ 24. Kh3 Nxf2+ 25. Kh4 g5#
0-1

[Event "SM Number 1"]
[Site "SchemingMind.com"]
[Date "2010.10.25"]
[Round "-"]
[White "Jochen"]
[Black "otsenrechess"]
[Result "0-1"]
[WhiteCountry "GBR"]
[BlackCountry "HUN"]
[WhiteElo "1416"]
[WhiteRD "84"]
[BlackElo "2200"]
[BlackRD "83"]
[GameID "264775"]

1. Nf3 Nf6 2. e3 g6 3. Bb5 a6 4. Ba4 b5 5. Bb3 c5 6. a3 Bg7 7. O-O c4 8. Ba2 Nc6 9. d3 d5 10. dxc4 bxc4
11. Nc3 O-O 12. Nd4 Qd6 13. Nxc6 Qxc6 14. Ne2 Rb8 15. Rb1 e5 16. Bd2 Re8 17. Ng3 h5 18. h4 Bg4 19. f3 Be6 20. Bc3 Nd7
21. Kf2 Nc5 22. Bb4 Bf6 23. Rh1 Rb5 24. b3 cxb3 25. cxb3 Rc8 26. Bd2 Nd3+ 27. Ke2 e4 28. b4 Be5 29. a4 Bxg3 30. fxe4 Bg4+
0-1

[Event "SM Number 1"]
[Site "SchemingMind.com"]
[Date "2010.10.24"]
[Round "-"]
[White "Jochen"]
[Black "Mark_Noble"]
[Result "0-1"]
[WhiteCountry "GBR"]
[BlackCountry "NZL"]
[WhiteElo "1345"]
[WhiteRD "79"]
[BlackElo "1755"]
[BlackRD "213"]
[GameID "264776"]

1. Nf3 d5 2. e3 Nf6 3. Bb5+ c6 4. Be2 Bf5 5. O-O Nbd7 6. d3 e5 7. d4 e4 8. Ne5 Nxe5 9. dxe5 Nd7 10. Nc3 Nxe5
11. Na4 Bd6 12. Qd4 Qh4 13. Nc5 Nf3+ 14. gxf3 Qxh2#
0-1

[Event "SM Number 1"]
[Site "SchemingMind.com"]
[Date "2010.10.25"]
[Round "-"]
[White "Jochen"]
[Black "robin80"]
[Result "1-0"]
[WhiteCountry "GBR"]
[BlackCountry "POL"]
[WhiteElo "1363"]
[WhiteRD "74"]
[BlackElo "1122"]
[BlackRD "132"]
[GameID "264777"]

1. Nf3 d5 2. d3 Nf6 3. Be3 Nc6 4. Nd4 e5 5. Nf3 Bb4+ 6. c3 Ba5 7. b4 Bb6 8. Ng5 O-O 9. g3 h6 10. Nf3 Qd6
11. d4 e4 12. Nh4 g5 13. Ng2 Ng4 14. Na3 Be6 15. Nb5 Qe7 16. Qd2 Rad8 17. a4 a5 18. f4 gxf4 19. Bxf4 f5 20. Bxh6 Nxh6
21. Qxh6 Qg7 22. Qxe6+ Rf7 23. Nf4 Qf6 24. Qxf6 Rxf6 25. Nh5 Rh6 26. Nf4 axb4 27. Rc1 bxc3 28. e3 Ba5 29. h4 c2+ 30. Ke2 Nb4
31. Bh3 Nd3 32. Rxc2 c6 33. Na7
1-0

[Event "SM Number 1"]
[Site "SchemingMind.com"]
[Date "2010.10.25"]
[Round "-"]
[White "Marc Wakeham"]
[Black "Jochen"]
[Result "1-0"]
[WhiteCountry "WLS"]
[BlackCountry "GBR"]
[WhiteElo "1674"]
[WhiteRD "85"]
[BlackElo "1363"]
[BlackRD "74"]
[GameID "264778"]

1. e4 Nc6 2. Nf3 e5 3. d4 d6 4. dxe5 Bg4 5. exd6 cxd6 6. Be2 Qa5+ 7. Bd2 Qa4 8. Nc3 Qb4 9. Nd5 Qb6 10. Nxb6 axb6
11. Be3 Nb4 12. a3 Nc6 13. Bxb6 Bd7 14. O-O Ke7 15. Qd2 Nf6 16. Rfe1 g6 17. e5 d5 18. exf6+ Kd6 19. Qf4+ Ne5 20. Qxe5+ Kc6
21. Qc7#
1-0

[Event "SM Number 1"]
[Site "SchemingMind.com"]
[Date "2010.10.25"]
[Round "-"]
[White "e_castle3"]
[Black "Jochen"]
[Result "0-1"]
[WhiteCountry "PHI"]
[BlackCountry "GBR"]
[WhiteElo "1724"]
[WhiteRD "76"]
[BlackElo "1440"]
[BlackRD "76"]
[GameID "264779"]

1. e4 Nc6 2. d4 e6 3. Nf3 Nf6 4. Bd3 Bb4+ 5. Bd2 d5 6. e5 Ne4 7. c3 Be7 8. O-O O-O 9. Re1 Nxd2 10. Nbxd2 f5
11. a3 Bd7 12. c4 dxc4 13. Nxc4 Be8 14. Bf1 b5 15. Ne3 Bh5 16. Nc2 Bxf3 17. gxf3 a6 18. Bg2 f4 19. Re2 Rf5 20. Rc1 Qd5
21. Rd2 Rd8 22. Rd3 Nxe5 23. Nb4 Bxb4 24. axb4 Nxd3 25. Qxd3 Qxd4 26. Qb3 Qb6 27. Bh3 Rd2 28. Rf1 Rg5+ 29. Kh1 Re5 30. Qc3 Ree2
31. Rg1 e5 32. Qb3+ Kf8 33. Qc3 Rxf2 34. Bg2 Rxg2
0-1

[Event "SM Number 1"]
[Site "SchemingMind.com"]
[Date "2010.10.25"]
[Round "-"]
[White "MARISCAL"]
[Black "Jochen"]
[Result "1-0"]
[WhiteCountry "ESP"]
[BlackCountry "GBR"]
[WhiteElo "2290"]
[WhiteRD "96"]
[BlackElo "1440"]
[BlackRD "76"]
[GameID "264780"]

1. e4 Nc6 2. d4 e6 3. c4 Nb4 4. Nc3 a6 5. Nf3 b6 6. a3 Nc6 7. Bd3 Qf6 8. Bg5 Qg6 9. e5 Qh5 10. Ne4 f5
11. exf6 Nxf6 12. Bxf6 Rg8 13. d5 Na7 14. O-O a5 15. dxe6 g6 16. exd7+ Bxd7 17. Re1 Kf7 18. Bc2 Rd8 19. Neg5+ Qxg5 20. Nxg5+ Kxf6
21. h4 Rh8 22. Qd4#
1-0

[Event "SM Number 1"]
[Site "SchemingMind.com"]
[Date "2010.10.27"]
[Round "-"]
[White "emvarela"]
[Black "Jochen"]
[Result "1-0"]
[WhiteCountry "ARG"]
[BlackCountry "GBR"]
[WhiteElo "1774"]
[WhiteRD "54"]
[BlackElo "1440"]
[BlackRD "76"]
[GameID "264783"]

1. e4 Nc6 2. d4 d5 3. exd5 Qxd5 4. Nf3 Bg4 5. Be2 Nh6 6. Bxh6 gxh6 7. h3 Qa5+ 8. c3 Be6 9. Nbd2 Bxa2 10. Bc4 Bxc4
11. Rxa5 Nxa5 12. Qa4+ b5 13. Qxa5 Kd8 14. Nxc4 Rg8 15. Qxb5 c5 16. Nce5 Kc8 17. Qc6+ Kd8 18. Qd7#
1-0

[Event "SM Number 1"]
[Site "SchemingMind.com"]
[Date "2010.10.25"]
[Round "-"]
[White "otsenrechess"]
[Black "Jochen"]
[Result "1-0"]
[WhiteCountry "HUN"]
[BlackCountry "GBR"]
[WhiteElo "2243"]
[WhiteRD "78"]
[BlackElo "1416"]
[BlackRD "90"]
[GameID "264784"]

1. d4 e6 2. e4 Bb4+ 3. c3 Be7 4. Nf3 c6 5. Bd3 h6 6. O-O h5 7. Na3 d6 8. Nc4 d5 9. exd5 exd5 10. Nce5 Be6
11. Qe2 Nd7 12. Ng6 Rh7 13. Nxe7 Qxe7 14. Bxh7 Ngf6 15. Bd3 g6 16. Re1 b5 17. Bxg6 fxg6 18. Qxe6 Qxe6 19. Rxe6+ Kf7 20. Ng5+ Kg7
21. Rxc6 Re8 22. Be3 Nb8 23. Rc7+ Nbd7 24. Rxa7 Kf8 25. Rb7 Ke7 26. Rxb5 h4 27. Nf3 Rh8 28. Bg5 Ke6 29. Bxh4 Kf5 30. Bxf6 Kxf6
31. Rxd5
1-0

[Event "SM Number 1"]
[Site "SchemingMind.com"]
[Date "2010.10.25"]
[Round "-"]
[White "Mark_Noble"]
[Black "Jochen"]
[Result "1-0"]
[WhiteCountry "NZL"]
[BlackCountry "GBR"]
[WhiteElo "2008"]
[WhiteRD "133"]
[BlackElo "1363"]
[BlackRD "74"]
[GameID "264785"]

1. e4 Nc6 2. d4 e6 3. Nf3 Bb4+ 4. c3 Be7 5. d5 Na5 6. b4 exd5 7. exd5 c6 8. bxa5 Qxa5 9. dxc6 dxc6 10. Bd3 Be6
11. O-O Bxa2 12. Qe2 Nf6 13. Rxa2 Qd5 14. Re1 O-O 15. Bc4 Qc5 16. Ba3 Qf5 17. Bxe7 Rfe8 18. Qf1 Ne4 19. Bh4 a5 20. Rae2 a4
21. Na3 Ra5 22. Bd3 Qc5 23. Rxe4 Rxe4 24. Rxe4 Ra8 25. Nc2 Qxc3 26. Qe1 Qxd3 27. Re8+ Rxe8 28. Qxe8#
1-0

[Event "SM Number 1"]
[Site "SchemingMind.com"]
[Date "2010.10.26"]
[Round "-"]
[White "robin80"]
[Black "Jochen"]
[Result "0-1"]
[WhiteCountry "POL"]
[BlackCountry "GBR"]
[WhiteElo "1122"]
[WhiteRD "132"]
[BlackElo "1363"]
[BlackRD "74"]
[GameID "264786"]

1. d4 Nf6 2. Nf3 e6 3. c4 Nc6 4. Nc3 d5 5. Bg5 dxc4 6. Qd2 Bd6 7. e3 Na5 8. Be2 O-O 9. O-O Bd7 10. e4 c5
11. dxc5 Bxc5 12. a3 Nb3 13. Ne5 Nxd2 14. Rfd1 Bxf2+ 15. Kxf2 Nfxe4+ 16. Nxe4 Nxe4+ 17. Ke3 Qxg5+ 18. Kd4 Nf6 19. Nxd7 Nxd7 20. Kxc4 Ne5+
21. Kc3 Qxg2 22. Bb5 Rac8+ 23. Kd4 Qxb2+ 24. Ke4 f5+ 25. Ke3 f4+ 26. Ke4 Qxb5 27. a4 Rc5 28. axb5 f3 29. Rf1 Ra8 30. Kd4 Rxb5
31. Ke4 a5 32. Kd4 Rd8+
0-1